000 01545nam0a22003011 4500
001 rc\3345057
005 20130115152037.0
021 _aRU
_b[71-72761]
035 _a(NLR Aleph) 007518931
090 _a7719129
_c7719129
100 _a20130115d1971 |||y0rusy50 ca
101 0 _arus
102 _aRU
105 _aa z |||||
200 1 _aМукомольная промышленность Франции
_e(Обзор)
_fЦентр. науч.-исслед. ин-т информации и техн.-экон. исследований М-ва заготовок СССР
210 _aМосква
_cБ. и.
_d1971
215 _a27 с., 2 л. схем.
_cил.
_d22
225 1 _aСерия "Элеваторная, мукомольно-крупяная и комбикормовая промышленность"
300 _aАвт. указаны на обороте тит. л.: д-р проф. Л.А. Трисвятский, В.Г. Кулак
606 _aМукомольно-крупяная промышленность
_yФранция
_2psbo
700 1 _aТрисвятский
_bЛ. А.
_gЛев Алексеевич
701 1 _aКулак
_bВ. Г.
_gВладимир Григорьевич
712 0 2 _aЦентральный науч.-исслед. ин-т информации и техн.-экономических исследований М-ва заготовок СССР
_3RU\NLR\AUTH\8810166106
801 0 _aRU
_bNLR
_gpsbo
801 1 _aRU
_bELAR
_2rusmarc
852 _aNLR
_j71-6/5614
942 _cBOOK
980 _aNB